| 000 -LEADER |
| fixed length control field |
00868nam a22001337a 4500 |
| 008 - FIXED-LENGTH DATA ELEMENTS--GENERAL INFORMATION |
| fixed length control field |
250120b ||||| |||| 00| 0 eng d |
| 100 ## - MAIN ENTRY--PERSONAL NAME |
| Personal name |
Pandey, Vijan Kumar |
| 245 ## - TITLE STATEMENT |
| Title |
The art of weaving: A signature of India that we need to preserve |
| 260 ## - PUBLICATION, DISTRIBUTION, ETC. (IMPRINT) |
| Place of publication, distribution, etc |
Yojana |
| 300 ## - PHYSICAL DESCRIPTION |
| Extent |
69(1), Jan, 2025: p.50-55 |
| 520 ## - SUMMARY, ETC. |
| Summary, etc |
The textile industry in India has a rich history dating back centuries and is the second largest employment generating sector in the country after agriculture. Weaving is a time honored craft that has been practiced by different cultures around the world for centuries. The PM Mitra Mega textile park scheme 2023, with an allocation of Rs. 4,446 crore for seven states, aims to provide an integrated textile value chain and generate about twenty-one Lakh new employment opportunities. – Reproduced |
| 773 ## - HOST ITEM ENTRY |
| Main entry heading |
Yojana |
| 942 ## - ADDED ENTRY ELEMENTS (KOHA) |
| Item type |
Articles |